إعداد المعلم : (رقم التسجيلة. 98470)
[ عرض عادي ]
| 000 -الفاتح | |
|---|---|
| عناصر البيانات ثابتة الطول | 00907cam a2200229 i 4500 |
| 005 - تاريخ ووقت آخر معاملة | |
| حقل ضبط | 20260203110753.0 |
| 008 - عناصر البيانات ثابتة الطول | |
| عناصر البيانات ثابتة الطول | 250721s2005 jo gr 000 0 ara d |
| 020 ## - الترقيم الدولي المعياري للكتب (ردمك) | |
| الترقيم الدولي المعياري للكتب (ردمك) | 995707430X |
| 082 14 - رقم تصنيف ديوي العشري | |
| رقم التصنيف | 371.14 |
| رقم المادة | م ح م |
| 100 1# - مدخل رئيسي – اسم شخصي | |
| الاسم الشخصي | محمد، مصطفى عبد السميع |
| علاقة الشخص بالعمل/ دوره | مؤلف. |
| 245 10 - بيان العنوان | |
| العنوان | إعداد المعلم : |
| بقية العنوان | تنميته وتدريبه / |
| بيان المسؤولية | تأليف الاستاذ الدكتور مصطفى عبد السميع محمد، الدكتورة سهير محمد حوالة. |
| 250 ## - بيان الطبعة | |
| بيان الطبعة | الطبعة الأولى. |
| 264 1# - بيانات النشر، التوزيع…إلخ | |
| مكان النشر، التوزيع...إلخ | عمان : |
| اسم الناشر، الموزع...إلخ | دار الفكر النشر و التوزيع، |
| تاريخ النشر، التوزيع...إلخ | 2005. |
| 300 ## - الوصف المادي | |
| عدد الوحدات المكونة للوعاء | 344 صفحة. |
| 650 17 - مدخل إضافي بالموضوع - مصطلح موضوعي | |
| مصطلح موضوعي أو اسم جغرافي كعنصر مدخل | التعليم. |
| 650 17 - مدخل إضافي بالموضوع - مصطلح موضوعي | |
| مصطلح موضوعي أو اسم جغرافي كعنصر مدخل | المعلمون. |
| 650 17 - مدخل إضافي بالموضوع - مصطلح موضوعي | |
| مصطلح موضوعي أو اسم جغرافي كعنصر مدخل | تدريب المدرسين. |
| 650 17 - مدخل إضافي بالموضوع - مصطلح موضوعي | |
| مصطلح موضوعي أو اسم جغرافي كعنصر مدخل | المدرسون. |
| 700 1# - مدخل إضافي - اسم شخصي | |
| الاسم الشخصي | حوالة، سهير محمد |
| علاقة الشخص بالعمل/ دوره | مؤلف. |
| 942 ## - بيانات إضافية (كوها) | |
| نوع التنصيف | Dewey Decimal Classification |
| نوع المادة (كوها) | كتب |
| حالة السحب | حالة الفقدان | مصدر التصنيف | حالة التلف | غير قابل للإعارة | المكتبة الرئيسية | المكتبة الحالية | موقع الرف | تاريخ التزويد | الرقم المتسلسل | Total Checkouts | رقم الإستدعاء | الباركود | تاريخ آخر ظهور | تاريخ الفاتورة | نوع المادة (كوها) |
|---|---|---|---|---|---|---|---|---|---|---|---|---|---|---|---|
| Dewey Decimal Classification | المكتبة المركزية | المكتبة المركزية | الإعارة | 28/07/2025 | 1008660 | 371.14 / م ح م | 1008660 | 28/07/2025 | 28/07/2025 | كتب | |||||
| Dewey Decimal Classification | Not For Loan | المكتبة المركزية | المكتبة المركزية | مقتنيات قسم التزويد | 28/07/2025 | 1008664 | 371.14/محم | 1008664 | 28/07/2025 | 28/07/2025 | كتب | ||||
| Dewey Decimal Classification | مكتبة أبو علندا العامة | مكتبة أبو علندا العامة | الإعارة | 28/07/2025 | 1008674 | 371.14/محم | 1008674 | 28/07/2025 | 28/07/2025 | كتب | |||||
| Dewey Decimal Classification | مكتبة أم قصير والمقابلين العامة | مكتبة أم قصير والمقابلين العامة | الإعارة | 28/07/2025 | 1008673 | 371.14/محم | 1008673 | 28/07/2025 | 28/07/2025 | كتب | |||||
| Dewey Decimal Classification | مكتبة الأميرة ايمان العامة | مكتبة الأميرة ايمان العامة | الإعارة | 28/07/2025 | 1008665 | 371.14/محم | 1008665 | 28/07/2025 | 28/07/2025 | كتب | |||||
| Dewey Decimal Classification | مكتبة الأميرة سلمى | مكتبة الأميرة سلمى | الإعارة | 21/06/2015 | 1465131 | 371.14/محم | PLD00332856 | 28/07/2025 | 21/06/2015 | كتب | |||||
| Dewey Decimal Classification | مكتبة الاميرة بديعة | مكتبة الاميرة بديعة | الإعارة | 28/07/2025 | 1008668 | 371.14/محم | 1008668 | 28/07/2025 | 28/07/2025 | كتب | |||||
| Dewey Decimal Classification | مكتبة البراءة للأطفال | مكتبة البراءة للأطفال | الإعارة | 28/07/2025 | 1008677 | 371.14/محم | 1008677 | 28/07/2025 | 28/07/2025 | كتب | |||||
| Dewey Decimal Classification | مكتبة الجويدة | مكتبة الجويدة | الإعارة | 28/07/2025 | 1008669 | 371.14/محم | 1008669 | 28/07/2025 | 28/07/2025 | كتب | |||||
| Dewey Decimal Classification | مكتبة الحسن العامة | مكتبة الحسن العامة | الإعارة | 28/07/2025 | 1008670 | 371.14/محم | 1008670 | 28/07/2025 | 28/07/2025 | كتب | |||||
| Dewey Decimal Classification | مكتبة النصر العامة | مكتبة النصر العامة | الإعارة | 28/07/2025 | 1008676 | 371.14/محم | 1008676 | 28/07/2025 | 28/07/2025 | كتب | |||||
| Dewey Decimal Classification | مكتبة حمزة العامة | مكتبة حمزة العامة | الإعارة | 28/07/2025 | 1008671 | 371.14/محم | 1008671 | 28/07/2025 | 28/07/2025 | كتب | |||||
| Dewey Decimal Classification | مكتبة صويلح العامة | مكتبة صويلح العامة | الإعارة | 28/07/2025 | 1008666 | 371.14/محم | 1008666 | 28/07/2025 | 28/07/2025 | كتب | |||||
| Dewey Decimal Classification | مكتبة وادي السير العامة | مكتبة وادي السير العامة | الإعارة | 28/07/2025 | 1008675 | 371.14/محم | 1008675 | 28/07/2025 | 28/07/2025 | كتب |